Truyện kể về các nhà văn thế giới Tập 1

Bewaard in:
Bibliografische gegevens
Hoofdauteur: Nguyệt, Minh (Chủ biên)
Andere auteurs: Trang, Thanh, Thanh, Lâm
Formaat: Boek
Gepubliceerd in: Hà Nội Giáo dục 2009
Onderwerpen:
Tags: Voeg label toe
Geen labels, Wees de eerste die dit record labelt!
Thư viện lưu trữ: Trung tâm Học liệu Lê Vũ Hùng, Trường Đại học Đồng Tháp
LEADER 00862pam a22002658a 4500
001 00044533
005 20190809140810.0
008 110720s2002 ||||||Viesd
020 # # |c 17500 
041 0 # |a Vie 
082 1 # |a 809  |b TR527K 
100 0 # |a Nguyệt, Minh  |e Chủ biên 
245 0 0 |a Truyện kể về các nhà văn thế giới  |c Nguyệt Minh (ch.b); Thanh Lâm, Trang Thanh  |n Tập 1 
260 # # |a Hà Nội  |b Giáo dục  |c 2009 
300 # # |c 19 cm.  |a 219 tr. 
653 # # |a Nhà văn 
653 # # |a Tác phẩm 
653 # # |a Truyện kể 
653 # # |a Tiểu sử 
653 # # |a Thế giới 
700 0 # |a Trang, Thanh 
700 0 # |a Thanh, Lâm 
852 # # |j KD.0025303  |j KM.0031405  |j KM.0031404 
910 # # |d 09/08/2019 
980 # # |a Trung tâm Học liệu Lê Vũ Hùng, Trường Đại học Đồng Tháp